| 000 | 00702cam a22002293a 4500 | ||
|---|---|---|---|
| 001 | 13042 | ||
| 003 | PGUSA | ||
| 005 | 20140828083300.0 | ||
| 008 | 040729s2004||||xxu|||||s|||||000 | eng d | ||
| 040 |
_aPGUSA _beng |
||
| 042 | _adc | ||
| 050 | 4 | _aF106 | |
| 100 | 1 |
_aIrving, Washington, _d1783-1859 |
|
| 245 | 1 | 0 |
_aKnickerbocker's History of New York, Complete _h[electronic resource] / _cWashington Irving |
| 260 |
_bProject Gutenberg, _c2004 |
||
| 506 | _aPublic domain in the USA. | ||
| 516 | _aElectronic text | ||
| 653 | _aNew York (State) -- History -- Colonial period, ca. 1600-1775 | ||
| 830 | 0 |
_aProject Gutenberg _v13042 |
|
| 856 | 4 | 0 | _uhttp://www.gutenberg.org/ebooks/13042 |
| 942 | _cEB | ||
| 999 |
_c242297 _d242297 |
||